00739nam a22001817a 4500003000400000005001700004008004100021040001400062100003900076245013300115260001000248300003000258500010600288504002700394942001600421999001500437952010500452OSt20171010095529.0121005t xxu||||| |||| 00| 0 eng d aMMSUcULS aAcierto, Jaymer P., et al. 913133 aConcrete mix design of Pamplona river aggregates as structural concrete using aci mix design method cJaymer P. Acierto, et al.  c2008  axi, [73] leaves c28 cm.  aThesis (BS Civil Engineering) -- Mariano Marcos State University-College of Engineering, Batac City  aBibliography: leaf 30  2ddccTHEDIS c9812d9812 00102lcc4070aREFbREFd2012-10-05l0p3526-Un r2017-10-10w2017-10-10yTHEDISzLibrary Use only